00668nam a2200169 a 450000100100000000500170001000800410002704000250006808200150009310000390010824500470014726000530019430000190024750000430026695201720030999900170048100004567120201002052359.0150422s1973 dr 000 0 spa d aDO-SdBNPbspacBNPHU axxxxbxxxx1 aTorres, Luis Alfredod1935-95818214aLos bellos rostros /cLuis Alfredo Torres. aSanto Domingo :bHorizontes de América,c1973. a5 p. ;c21 cm. aIncluye datos biográficos del autor. 0010718PDaPDbPDcCTd2015-04-22iLF1l0oxxxx xxxxp45671-10r2020-06-25w2020-06-25yLFPDzPerteneció a la biblioteca personal de Erick Landestoy.ZNo se presta c45160d45160